Beatles Song Titles in French - Statistics

General Stats
  • This quiz has been taken 7,274 times
  • The average score is 12 of 20
Answer Stats
Hint Answer % Correct
Bonjour, au revoir Hello, Goodbye
95%
Le sous-marin jaune Yellow Submarine
78%
Anniversaire Birthday
74%
Huit jours par semaine Eight Days a Week
70%
De retour en U.R.S.S. Back in the U.S.S.R.
66%
Hier Yesterday
65%
Au secours ! Help!
61%
Conduis ma voiture Drive My Car
57%
Je veux tenir ta main I Want to Hold Your Hand
56%
Quand j'aurai soixante-quatre ans When I'm Sixty-Four
56%
Les champs de fraises pour toujours Strawberry Fields Forever
55%
À travers l'univers Across the Universe
53%
Je suis le morse I Am the Walrus
53%
Laisse faire Let It Be
53%
La nuit d'une dure journée A Hard Day's Night
49%
Tout ce qu'il vous faut, c'est l'amour All You Need Is Love
49%
Le jardin de la pieuvre Octopus's Garden
46%
S'il te plaît, fais-moi plaisir Please Please Me
44%
L'oignon de verre Glass Onion
42%
Méchant monsieur Moutarde Mean Mr. Mustard
36%
No matching quizzes found
Score Distribution
Percent of People with Each Score
Percentile by Number Answered
Your Score History
You have not taken this quiz